Bharatiya arthaniti (Record no. 1450)

MARC details
000 -LEADER
fixed length control field 00503cam a2200205ua 4500
001 - CONTROL NUMBER
control field 1563
005 - DATE AND TIME OF LATEST TRANSACTION
control field 20260515113342.0
008 - FIXED-LENGTH DATA ELEMENTS--GENERAL INFORMATION
fixed length control field 110712n ii |||gr||||Z||||||asm
020 ## - INTERNATIONAL STANDARD BOOK NUMBER
International Standard Book Number 81-7339-028-2
040 ## - CATALOGING SOURCE
Transcribing agency MAIN
082 ## - DEWEY DECIMAL CLASSIFICATION NUMBER
Classification number 330.01
100 1# - MAIN ENTRY--PERSONAL NAME
Personal name Huda, Monirul,
Relator term Author.
245 1# - TITLE STATEMENT
Title Bharatiya arthaniti
Statement of responsibility, etc. by Monirul Huda
250 ## - EDITION STATEMENT
Edition statement 3rd.
260 ## - PUBLICATION, DISTRIBUTION, ETC.
Place of publication, distribution, etc. Dibrugarh:
Name of publisher, distributor, etc. Banalata,993.
Place of publication, distribution, etc. Guahati:
300 ## - PHYSICAL DESCRIPTION
Extent 134p:
Other physical details ill;
Dimensions 23cm.
653 ## - INDEX TERM--UNCONTROLLED
Uncontrolled term Economics
653 ## - INDEX TERM--UNCONTROLLED
Uncontrolled term Indian economics
942 ## - ADDED ENTRY ELEMENTS (KOHA)
Koha item type Books
Holdings
Withdrawn status Lost status Damaged status Not for loan Home library Current library Shelving location Date acquired Total checkouts Full call number Barcode Date last seen Copy number Price effective from Koha item type
        Naharkatiya College Library Naharkatiya College Library General stacks 09/19/2020   330.01 | HUD 2707 09/19/2020 1 09/19/2020 Books